Statistics for Most Populous Capital Cities By Percentage

Click here to take the quiz!

General Stats

  • This quiz has been taken 57 times
  • The average score is 4 of 20

Answer Stats

%Capital City% Correct
100Singapore
94%
66.5Doha
39%
34.78Kuwait City
39%
35.6Reykjavik
24%
36.59Kingstown
22%
54.45Djibouti
20%
36.29Yerevan
20%
40.26Amman
17%
65.97Bahamas
17%
32.86Victoria
17%
38.4Castries
15%
48.26Majuro
15%
47.13Paramaribo
15%
35.42Riga
15%
33.22Tallinn
15%
40.21Montevideo
13%
33.28Libreville
9%
45.48Funafuti
7%
39.06Bridgetown
6%
35.25Beiruit
2%

Score Distribution

Percentile by Number Answered

Percent of People with Each Score

Your Score History

You have not taken this quiz